Quiz sull'Italia - Statistics

Statistiche generali
  • Questo quiz è stato fatto 235 volte
  • Il punteggio medio è 17 su 20
Statistiche sulle risposte
Suggerimento Risposta % Corretto
Capitale Roma
99%
Seconda Città più grande Milano
98%
Fiume più lungo Po
97%
Sport nazionale Calcio
96%
Monte più alto Monte Bianco
96%
Regione più grande Sicilia
96%
Mare che bagna l'Italia Mediterraneo
94%
Dittatore fascista della seconda guerra mondiale Benito Mussolini
93%
Regione più piccola Valle D'Aosta
93%
Famosa per i suoi canali Venezia
93%
Primo Re di Roma Romolo
91%
Città del rinascimento Firenze
90%
Marchio automobilistico più famoso Ferrari
87%
Lago più grande Garda
85%
Squadra di Calcio mai retrocessa in Serie B Inter
84%
Ha dipinto la Primavera Sandro Botticelli
82%
Primo imperatore Romano Giulio Cesare
71%
Ultimo campione del 2006 ad essersi ritirato Gianluigi Buffon
65%
Poeta noto per la celebre frase "Il fine giustifica i mezzi" Niccolò Machiavelli
46%
Inventore della pizza Raffaele Esposito
21%
Nessun quiz corrispondente trovato
Distribuzione punteggi
Percentuale di utenti per punteggio
Percentile per numero di risposta
I tuoi punteggi nel tempo
Non hai fatto questo quiz